| 000 | 00704nam a2200217 a 4500 | ||
|---|---|---|---|
| 001 | 000022566 | ||
| 005 | 20260204074251.0 | ||
| 008 | 101013s2006 dr a 000 0 spa d | ||
| 040 |
_aDO-SdBNP _bspa _cBNPHU |
||
| 082 |
_a171.4 _bM827h, 2006 |
||
| 100 | 1 |
_aMorais, Manuel Sebastião, _d1954- _946446 |
|
| 245 | 1 | 4 |
_aLas hojas muertas / _cManuel Sebastião Morais. |
| 250 | _a3a ed. | ||
| 260 |
_aSanto Domingo : _bCumbres, _c2006. |
||
| 300 |
_a188 p. : _bil. ; _c21 cm. |
||
| 500 | _aLa biblioteca posee 2 ejemplares autografíados por el autor. | ||
| 590 | _aInventariado, 2018/MFF | ||
| 650 | 0 |
_a Hedonismo _946447 |
|
| 650 | 0 |
_aVida espiritual _9268 |
|
| 910 | _aValidado. Control de calidad MMOLINA | ||
| 999 |
_c22063 _d22063 |
||